[Event "CHN-chT 6th"]
[Site "China"]
[Date "2010.04.18"]
[Round "3"]
[White "Tan, Zhongyi"]
[Black "Liang, Zhihua"]
[Result "1-0"]
[WhiteElo "2464"]
[BlackElo "2214"]
[PlyCount "65"]
[EventDate "2010.04.16"]
[EventType "team-tourn"]
[EventRounds "18"]
[EventCountry "CHN"]
[SourceTitle "CBM 136 Extra"]
[Source "ChessBase"]
[SourceDate "2010.07.02"]
[SourceVersion "2"]
[SourceVersionDate "2010.07.15"]
[SourceQuality "1"]

1. d4 Nf6 2. c4 e5 3. dxe5 Ng4 4. Bf4 Nc6 5. Nf3 Bb4+ 6. Nc3 Bxc3+ 7. bxc3 Qe7 8. Qd5 f6 9. exf6 Nxf6 10. Qd3 d6 11. e3 0-0 12. Be2 Ne4 13. Nd4 Nxf2 14. Kxf2 Ne5 15. Qd2 g5 16. Rhf1 Bd7 17. Kg1 gxf4 18. exf4 Ng6 19. Bd3 Qg7 20. Rae1 Kh8 21. Bxg6 Qxg6 22. Nb5 Bxb5 23. cxb5 Rf7 24. Qd4+ Rg7 25. Rf2 c5 26. bxc6 bxc6 27. f5 Qg5 28. Qxd6 Rag8 29. Qxc6 Qh4 30. Re8 Qg4 31. Rxg8+ Rxg8 32. Qf6+ Rg7 33. Qd8+ 1-0

[Event "CHN-chT 6th"]
[Site "China"]
[Date "2010.04.17"]
[Round "2"]
[White "Ruan, Lufei"]
[Black "Liang, Zhihua"]
[Result "1-0"]
[WhiteElo "2479"]
[BlackElo "2214"]
[PlyCount "59"]
[EventDate "2010.04.16"]
[EventType "team-tourn"]
[EventRounds "18"]
[EventCountry "CHN"]
[SourceTitle "CBM 136 Extra"]
[Source "ChessBase"]
[SourceDate "2010.07.02"]
[SourceVersion "2"]
[SourceVersionDate "2010.07.15"]
[SourceQuality "1"]

1. e4 c5 2. Nf3 e6 3. d4 cxd4 4. Nxd4 Nc6 5. Nc3 Qc7 6. Be2 a6 7. 0-0 Nf6 8. Be3 Bb4 9. Na4 0-0 10. c4 Bd6 11. g3 Nxe4 12. c5 Be5 13. Nxc6 bxc6 14. Qd3 f5 15. f3 Qa5 16. Bd1 Nf6 17. Nb6 Nd5 18. Nxa8 Bxb2 19. Rb1 Ba3 20. Kh1 Bxc5 21. Bxc5 Qxc5 22. Bb3 Nb4 23. Qc4 Qxc4 24. Bxc4 c5 25. a3 Nc2 26. Rb8 Nxa3 27. Be2 Nb5 28. Bxb5 axb5 29. Nb6 Ba6 30. Rxf8+ 1-0

[Event "Singapore Masters 3rd"]
[Site "Singapore"]
[Date "2006.12.28"]
[Round "5"]
[White "Chiong Zacarias, Romero Luis"]
[Black "Liang, Zhihua"]
[Result "1/2-1/2"]
[WhiteElo "2364"]
[BlackElo "2232"]
[PlyCount "58"]
[EventDate "2006.12.26"]
[EventType "swiss"]
[EventRounds "9"]
[EventCountry "SIN"]
[SourceTitle "CBM 116 Extra"]
[Source "ChessBase"]
[SourceDate "2007.03.07"]
[SourceVersion "1"]
[SourceVersionDate "2007.03.07"]
[SourceQuality "1"]

1. d4 Nf6 2. c4 d6 3. Nf3 g6 4. Nc3 Bg7 5. e4 0-0 6. Be2 c6 7. 0-0 a6 8. a4 a5 9. h3 Na6 10. Re1 Nb4 11. Bf1 e5 12. d5 Nh5 13. Na2 Na6 14. Bg5 f6 15. Bd2 Nf4 16. b4 cxd5 17. cxd5 axb4 18. Bxa6 Rxa6 19. Nxb4 Ra8 20. Qb3 f5 21. Bxf4 exf4 22. e5 Re8 23. Nd3 Ra5 24. Rad1 Bd7 25. Qxb7 Bxa4 26. Rc1 Rb5 27. Qa7 Ra5 28. Qb7 Rb5 29. Qa7 Ra5 1/2-1/2

[Event "Singapore Masters 3rd"]
[Site "Singapore"]
[Date "2006.12.27"]
[Round "4"]
[White "Liang, Zhihua"]
[Black "Chua, Xing Jian Graham"]
[Result "1-0"]
[WhiteElo "2232"]
[BlackElo "1966"]
[PlyCount "74"]
[EventDate "2006.12.26"]
[EventType "swiss"]
[EventRounds "9"]
[EventCountry "SIN"]
[SourceTitle "CBM 116 Extra"]
[Source "ChessBase"]
[SourceDate "2007.03.07"]
[SourceVersion "1"]
[SourceVersionDate "2007.03.07"]
[SourceQuality "1"]

1. e4 c5 2. Nf3 Nc6 3. d4 cxd4 4. Nxd4 e5 5. Nb5 d6 6. a4 a6 7. N5c3 Be6 8. Na3 Be7 9. Bc4 Nf6 10. Bg5 0-0 11. Bxf6 Bxf6 12. 0-0 Rc8 13. Nd5 Bg5 14. c3 Kh8 15. Qe2 f5 16. Nb6 Bxc4 17. Naxc4 Rc7 18. Rad1 Rcf7 19. Nxd6 Rf6 20. Nf7+ R6xf7 21. Rxd8 Bxd8 22. Nc4 fxe4 23. Qxe4 Bc7 24. b4 Rf4 25. Qe2 R4f5 26. b5 axb5 27. axb5 Ne7 28. b6 Bb8 29. Ne3 Rf4 30. g3 Rf3 31. Qd2 Ng6 32. Qd5 R3f7 33. c4 Re7 34. Qe4 Rd7 35. c5 Rc8 36. Rd1 Rf8 37. Qc4 Rf6 1-0

[Event "CHN-chT final-B 1st"]
[Site "China"]
[Date "2005.09.15"]
[Round "4"]
[White "Pan, Qian"]
[Black "Liang, Zhihua"]
[Result "1/2-1/2"]
[WhiteElo "2196"]
[BlackElo "2232"]
[PlyCount "75"]
[EventDate "2005.11.??"]
[EventType "team-tourn"]
[EventRounds "5"]
[EventCountry "CHN"]
[SourceTitle "EXT 2017"]
[Source "ChessBase"]
[SourceDate "2016.10.25"]
[SourceVersion "1"]
[SourceVersionDate "2016.10.25"]
[SourceQuality "1"]

1. e4 c5 2. Nf3 e6 3. d4 cxd4 4. Nxd4 Nc6 5. Nc3 Qc7 6. Be2 a6 7. 0-0 Nf6 8. Kh1 Nxd4 9. Qxd4 Bc5 10. Qd3 b5 11. f4 Bb7 12. Bf3 h5 13. e5 Ng4 14. Bxb7 Qxb7 15. Ne4 Rc8 16. a4 b4 17. c4 Qc6 18. b3 h4 19. h3 Nh6 20. Be3 Be7 21. Rad1 Nf5 22. Bf2 0-0 23. Rfe1 Rfd8 24. Qf3 d5 25. exd6 Bxd6 26. Nxd6 Rxd6 27. Qxc6 Rcxc6 28. Kg1 f6 29. Kf1 Kf7 30. Ke2 g5 31. fxg5 fxg5 32. Kf3 Kg6 33. Ke4 Rxd1 34. Rxd1 Nd6+ 35. Ke5 Nf7+ 36. Ke4 Nd6+ 37. Ke5 Nf7+ 38. Ke4 1/2-1/2

[Event "Jinan Torch Cup"]
[Site "Jinan"]
[Date "2005.04.25"]
[Round "6"]
[White "Skripchenko, Almira"]
[Black "Liang, Zhihua"]
[Result "1/2-1/2"]
[WhiteElo "2453"]
[BlackElo "2232"]
[PlyCount "100"]
[EventDate "2005.04.20"]
[EventType "team"]
[EventRounds "9"]
[EventCountry "CHN"]
[SourceTitle "CBM 106 Extra"]
[Source "ChessBase"]
[SourceDate "2005.07.01"]
[SourceVersion "1"]
[SourceVersionDate "2005.07.01"]
[SourceQuality "1"]

1. e4 c5 2. Nf3 e6 3. c3 d5 4. e5 Nc6 5. d4 Qb6 6. Bd3 Bd7 7. dxc5 Bxc5 8. b4 Bxf2+ 9. Ke2 Nxb4 10. cxb4 Bd4 11. Nxd4 Qxd4 12. Qb3 Qxe5+ 13. Kd1 Ne7 14. b5 0-0 15. Nc3 Rac8 16. Bb2 Qg5 17. Re1 e5 18. h3 Qxg2 19. Rxe5 Qxh3 20. Ne2 Rfe8 21. Re3 Qh6 22. Rg3 g6 23. Rc1 Qh4 24. Rxc8 Rxc8 25. Kd2 Nf5 26. Bxf5 Bxf5 27. Re3 Be4 28. Bc3 Qd8 29. Nd4 Qg5 30. Qa3 a6 31. bxa6 bxa6 32. Ne2 Qd8 33. Nd4 Qb6 34. Qb3 Qc7 35. Qa4 Qd6 36. Ne2 f6 37. Qd4 Rc4 38. Qa7 Ra4 39. Qa8+ Kf7 40. Qb7+ Kg8 41. Qb2 Rc4 42. Nd4 h5 43. a3 Kf7 44. Qb7+ Rc7 45. Qb8 g5 46. Qh8 Kg6 47. Qg8+ Rg7 48. Qe8+ Rf7 49. Qg8+ Rg7 50. Qe8+ Rf7 1/2-1/2

[Event "CHN-chT (Women)"]
[Site "Suzhou"]
[Date "2001.03.31"]
[Round "6"]
[White "Gong, Qianyun"]
[Black "Liang, Zhihua"]
[Result "0-1"]
[WhiteElo "2197"]
[BlackElo "2224"]
[PlyCount "78"]
[EventDate "2001.03.02"]
[EventType "team"]
[EventRounds "10"]
[EventCountry "CHN"]
[SourceTitle "EXT 2002"]
[Source "ChessBase"]
[SourceDate "2001.11.25"]
[SourceVersion "1"]
[SourceVersionDate "2001.11.25"]
[SourceQuality "1"]

1. d4 Nf6 2. Bg5 Ne4 3. Bf4 d6 4. f3 Nf6 5. e4 g6 6. Bd3 Bg7 7. Ne2 0-0 8. Qd2 c5 9. c3 Nc6 10. d5 Ne5 11. Bxe5 dxe5 12. c4 Ne8 13. Nbc3 Nd6 14. h4 h5 15. 0-0-0 Kh7 16. g4 Bh6 17. g5 Bg7 18. Rdg1 a6 19. Ng3 b5 20. Nd1 bxc4 21. Bb1 Qb6 22. Ne3 Rb8 23. Rg2 Qb4 24. Qxb4 cxb4 25. Rc2 f6 26. Nxc4 fxg5 27. Nxd6 exd6 28. hxg5 Rxf3 29. Rg1 Bd7 30. Kd2 b3 31. axb3 Rbxb3 32. Ne2 Rf2 33. Ba2 Rh3 34. Bc4 a5 35. Rc3 Rxc3 36. bxc3 Bf8 37. Rb1 Be7 38. Ke1 Rf7 39. Rb6 h4 0-1

[Event "CHN-chT (Women)"]
[Site "Suzhou"]
[Date "2001.03.28"]
[Round "3"]
[White "Xu, Yuhua"]
[Black "Liang, Zhihua"]
[Result "1/2-1/2"]
[WhiteElo "2500"]
[BlackElo "2224"]
[PlyCount "73"]
[EventDate "2001.03.02"]
[EventType "team"]
[EventRounds "10"]
[EventCountry "CHN"]
[SourceTitle "EXT 2002"]
[Source "ChessBase"]
[SourceDate "2001.11.25"]
[SourceVersion "1"]
[SourceVersionDate "2001.11.25"]
[SourceQuality "1"]

1. e4 e5 2. Nf3 Nc6 3. Bb5 a6 4. Ba4 Nf6 5. Qe2 b5 6. Bb3 Bc5 7. 0-0 0-0 8. d3 d6 9. c3 h6 10. Rd1 Re8 11. Nbd2 Ne7 12. d4 exd4 13. cxd4 Bb6 14. e5 Nf5 15. Ne4 Bb7 16. Nxf6+ Qxf6 17. Qd3 Qg6 18. Bc2 Nxd4 19. Qxg6 Nxf3+ 20. gxf3 fxg6 21. exd6 cxd6 22. Rxd6 Bc5 23. Rxg6 Kf8 24. Bf4 Re2 25. Bd3 Rxb2 26. Be5 Rd2 27. Rxg7 Bxf3 28. Bg6 Bxf2+ 29. Kf1 Bg2+ 30. Kxg2 Bd4+ 31. Kf3 Bxe5 32. Rf7+ Kg8 33. Rg1 Bd4 34. Rg2 Rxg2 35. Kxg2 Rd8 36. Rb7 Be5 37. h4 1/2-1/2

[Event "CHN-chT (Women)"]
[Site "Suzhou"]
[Date "2001.03.27"]
[Round "2"]
[White "Liang, Zhihua"]
[Black "Zhu, Chen"]
[Result "1-0"]
[WhiteElo "2224"]
[BlackElo "2538"]
[PlyCount "75"]
[EventDate "2001.03.02"]
[EventType "team"]
[EventRounds "10"]
[EventCountry "CHN"]
[SourceTitle "EXT 2002"]
[Source "ChessBase"]
[SourceDate "2001.11.25"]
[SourceVersion "1"]
[SourceVersionDate "2001.11.25"]
[SourceQuality "1"]

1. e4 c5 2. Nf3 d6 3. d4 cxd4 4. Nxd4 Nf6 5. Nc3 a6 6. f4 e5 7. Nf3 Nbd7 8. a4 Be7 9. Bd3 0-0 10. 0-0 exf4 11. Kh1 Nc5 12. Bxf4 Bd7 13. a5 Re8 14. Nd4 Bg4 15. Qd2 h6 16. Qf2 Bh5 17. Nf5 Bg6 18. Qd4 Bf8 19. Bg3 Ne6 20. Qf2 Ng4 21. Qb6 Qxb6 22. axb6 Bxf5 23. Rxf5 Rac8 24. Nd5 Nd4 25. Rf4 Ne5 26. Nc7 Re7 27. Rf2 Ne6 28. Nd5 Rd7 29. b4 Nc4 30. Rd1 Rdd8 31. Rdf1 f6 32. Nc7 Nb2 33. Nxe6 Rd7 34. Nc7 Be7 35. Be2 Rb8 36. Bg4 Rdd8 37. Be6+ Kh8 38. Bb3 1-0